Descripción e historia del Castillo de la Aljafería sito extramuros de la ciudad de Zaragoza / (Record no. 160779)

MARC details
000 -LEADER
campo de control de longitud fija 00902nam a22002295i 4500
001 - NÚMERO DE CONTROL
campo de control 160779
003 - IDENTIFICADOR DE NÚMERO DE CONTROL
campo de control ES-MaACL
005 - FECHA Y HORA DE LA ÚLTIMA TRANSACCIÓN
campo de control 20230906212126.0
008 - DATOS DE LONGITUD FIJA--INFORMACIÓN GENERAL
campo de control de longitud fija 990913s1846 sp a |||| | spa d
040 ## - FUENTE DE CATALOGACIÓN
Centro catalogador/agencia de origen AR
Lengua de catalogación spa
Centro/agencia transcriptor AR
080 ## - NÚMERO DE LA CLASIFICACIÓN DECIMAL UNIVERSAL
Número de la Clasificación Decimal Universal 728.82(460.224 Z.)
100 1# - ENTRADA PRINCIPAL--NOMBRE DE PERSONA
Nombre de persona Nougués Secall, Mariano.
9 (RLIN) 130529
245 10 - MENCIÓN DEL TÍTULO
Título Descripción e historia del Castillo de la Aljafería sito extramuros de la ciudad de Zaragoza /
Mención de responsabilidad, etc. escrita por Mariano Nougues Secall ...
260 ## - PUBLICACIÓN, DISTRIBUCIÓN, ETC.
Lugar de publicación, distribución, etc. Zaragoza :
Nombre del editor, distribuidor, etc. [s.n.],
Fecha de publicación, distribución, etc. 1846 (
Fabricante Antonio Gallifa)
300 ## - DESCRIPCIÓN FÍSICA
Extensión XII, 136 p., [5] h. de grab. :
Otras características físicas il. ;
Dimensiones 22 cm.
599 ## - NOTA A LAS ILUSTRACIONES
NOTA A LAS ILUSTRACIONES Las h. de grab. son lit. "L. Jayme, Zaragoza, Fco Bello del."
610 24 - PUNTO DE ACCESO ADICIONAL DE MATERIA--NOMBRE DE ENTIDAD CORPORATIVA
Nombre de entidad corporativa o nombre de jurisdicción como elemento de entrada Palacio de la Aljafería (Zaragoza)
9 (RLIN) 153696
651 #4 - PUNTO DE ACCESO ADICIONAL DE MATERIA--NOMBRE GEOGRÁFICO
Nombre geográfico Zaragoza-
Subdivisión general Edificios, estructuras, etc.
9 (RLIN) 153697
700 1# - ENTRADA AGREGADA--NOMBRE PERSONAL
Nombre de persona Jayme, L.
9 (RLIN) 128285
700 1# - ENTRADA AGREGADA--NOMBRE PERSONAL
Nombre de persona Bello, Francisco.
9 (RLIN) 125898
852 ## - LOCALIZACIÓN
Ubicación ES-MaACL
Número de control de estantería F-4280
Nota libre -- Enc. piel
Holdings
Estatus retirado Estado de pérdida Estado de daño No para préstamo Colección Biblioteca de origen Biblioteca actual Ubicación en estantería Fecha de adquisición Fuente de adquisición Total de préstamos Signatura topográfica completa Código de barras Visto por última vez Precio de reemplazo Tipo de ítem Koha
        Libros del s. XIX Biblioteca del Ateneo de Madrid Biblioteca del Ateneo de Madrid Depósito 2 17/01/2008     F-4280 1168368 23/02/2023 23/02/2023 Libro impreso antiguo